Thoát nước và xử lý nước thải công nghiệp
Sách nêu lên các vấn đề cơ bản về tổ chức thoát nước, các phương pháp, sơ đồ công nghệ, tính toán các thiết bị và công trình xử lý nước thải của các xí nghiệp công nghiệp.
Đã lưu trong:
| 主要作者: | |
|---|---|
| 格式: | 圖書 |
| 語言: | Undetermined |
| 出版: |
Hà Nội
Khoa học kỹ thuật
1999
|
| 主題: | |
| 標簽: |
添加標簽
沒有標簽, 成為第一個標記此記錄!
|
| Thư viện lưu trữ: | Trung tâm Học liệu Trường Đại học Cần Thơ |
|---|
| LEADER | 00915nam a2200217Ia 4500 | ||
|---|---|---|---|
| 001 | CTU_141556 | ||
| 008 | 210402s9999 xx 000 0 und d | ||
| 020 | |b 35000 | ||
| 082 | |a 628.3 | ||
| 082 | |b Nh507 | ||
| 100 | |a Trần, Hiếu Nhuệ | ||
| 245 | 0 | |a Thoát nước và xử lý nước thải công nghiệp | |
| 245 | 0 | |c Trần Hiếu Nhuệ | |
| 260 | |a Hà Nội | ||
| 260 | |b Khoa học kỹ thuật | ||
| 260 | |c 1999 | ||
| 520 | |a Sách nêu lên các vấn đề cơ bản về tổ chức thoát nước, các phương pháp, sơ đồ công nghệ, tính toán các thiết bị và công trình xử lý nước thải của các xí nghiệp công nghiệp. | ||
| 650 | |a Sewerage,Factory and trade waste | ||
| 650 | |x Purification | ||
| 904 | |i Minh | ||
| 980 | |a Trung tâm Học liệu Trường Đại học Cần Thơ | ||